000 01825nam a2200469 i 4500
001 149644
003 FlNmELB
005 20241217182427.0
006 m o d |
007 cr cnu||||||||
008 150925s2005 sp ob 001 0 cat d
020 _a9788498800197 (e-book)
020 _z9788483018408
035 _a(MiAaPQ)EBC3229044
035 _a(Au-PeEL)EBL3229044
035 _a(CaPaEBR)ebr11046111
035 _a(OCoLC)1105859737
040 _aFINmELB
_bspa
_erda
_cFINmELB
050 4 _aHC79.E5
_bA939 2005
080 _a62
082 0 _a338.927
_223
245 0 0 _aAutoma tica i sostenibilitat /
_cAntoni Grau [y otros 4].
264 1 _aBarcelona :
_bUniversitat Polit{grave}ecnica de Catalunya,
_c2005.
300 _a1 recurso en l{acute}inea (121 p{acute}aginas)
336 _atexto
_btxt
_2rdacontent/spa
337 _acomputadora
_bc
_2rdamedia/spa
338 _arecurso en l{acute}inea
_bcr
_2rdacarrier/spa
490 1 _aTemas de Tecnolog{acute}ia y Sostenibilidad
500 _aIncluye {acute}indice.
504 _aContiene bibliograf{acute}ia.
588 _aDescripci{acute}on basada en recurso en l{acute}inea; T{acute}itulo de la p{acute}agina del t{acute}itulo en PDF (e-libro, visto September 25, 2015).
590 _aRecurso electronico. Santa Fe, Arg. : e-libro, 2014. Disponible via World Wide Web. El acceso puede ser limitado para las bibliotecas afiliadas a e-libro.
650 0 _aSustainability.
650 4 _aSustentabilidad.
650 0 _aEngineering instruments.
650 4 _aInstrumental de ingenier{acute}ia.
655 4 _aLibros electr{acute}onicos.
700 1 _aGrau, Antoni,
_eautor.
797 2 _ae-libro, Corp.
830 0 _aTemas de Tecnolog{acute}ia y Sostenibilidad.
856 4 0 _uhttps://elibro.net/ereader/politecnicointernacional/61386
999 _c149644
_d149644